| 000 | 00947nac a22002171u 4500 | ||
|---|---|---|---|
| 010 | _a93005102 | ||
| 020 | _a0534932754 : | ||
| 082 | 0 | 0 |
_a005.265 _bC6265 |
| 090 |
_c690 _d690 |
||
| 100 | _aClements, Alan, | ||
| 245 | 1 | 0 |
_a68000 family assembly language / _cAlan Clements. |
| 260 |
_aBoston, MA : _bPWS Pub. Co., _cc1994. |
||
| 300 |
_axvi, 720 p. : _bill. ; _c25 cm. + _e1 computer disk (3 1/2 in.) |
||
| 440 | 4 | _aThe PWS series in engineering | |
| 500 | _aSystem requirements for computer disk: Macintosh computer or IBM-compatible PC. | ||
| 504 | _aIncludes bibliographical references (p. 707-710) and index. | ||
| 650 | 0 |
_aMotorola 68000 series microprocessors _xProgramming. |
|
| 650 | 0 | _aAssembler language (Computer program language) | |
| 942 |
_cBB _k005.265C6265 |
||
| 999 |
_c690 _d690 |
||